Localización espacial; su secuencia a través de diversos niveles de comprensión /

Guardado en:
Autor Principal: Montoya, Mirta S. T. de
Formato: Libro
Publicado: Buenos Aires : Kapelusz, 1974
Series:Cuadernos Pedagógicos, 28
Materias:
Etiquetas: Agregar Etiqueta
Sin Etiquetas, Sea el primero en etiquetar este registro!
LEADER 00647nam a22001935a 4500
001 CEM.cems004517
005 20060216000000.0
008 130507s1974##################000#0#####d
003 CEMS
082 0 4 |a 372.891 
100 1 |a Montoya, Mirta S. T. de 
245 1 0 |a Localización espacial; su secuencia a través de diversos niveles de comprensión / 
260 |a Buenos Aires :  |b Kapelusz,  |c 1974 
300 |a 59 p. 
490 0 |a Cuadernos Pedagógicos, 28 
653 |a Educacion 
653 |a Educacion-comunidad 
859 |a CEMS  |b BIB. CEMS - 11 de abril  |h 372.891  |i M768  |p 14531.87  |t Ej.1 
859 |a CEMS  |b BIB. CEMS - 11 de abril  |h 372.891  |i M768  |p 14532.87  |t Ej.2